000 00376nam a2200169Ia 4500
008 170705s9999 xx 000 0 und d
020 _a440428130
245 _aFreckle juice /
245 _cJudy Blume.
260 _aNew York :
260 _bYearling,
260 _c1971
300 _a45 pages :
300 _bcolor illustration ;
300 _c19cm.
500 _a370
999 _c335609
_d335609